Quotable Slogans Quiz Stats

 Plays Quiz Updated Oct 17, 2018

Score 0/30 Timer 04:00
1 Play Today
% Correct
McDonald's
87.8%
Walmart
82.8%
Budweiser
81.1%
Burger King
75.6%
Folgers
74.9%
Twix
71.2%
Taco Bell
69.2%
Tiffany & Co.
66%
BMW
62.3%
Sprite
61.8%
3 Musketeers
61.5%
Gatorade
61.3%
Coca-Cola
59.1%
American Airlines
58.1%
Maxwell House
56.1%
% Correct
United Airlines
54.6%
York Peppermint Pattie
52.7%
De Beers
50.6%
General Electric
50.4%
Samsung
45.5%
Chevrolet
41.2%
Carlsberg
40.9%
Sears
40.6%
Mercedes-Benz
39.2%
Citibank
35.3%
Toshiba
31.1%
SAAB
30.8%
HSBC
30.8%
Schlitz
27.9%
Bank of America
25%

You're not logged in!

Compare scores with friends on all Sporcle quizzes.
OR
Log In

Sporcle TV

Today on Sporcle TV


Watch our educational content, quiz creation guides, and fun videos on Sporcle TV.

Show Comments

Extras

Top Quizzes Today


Score Distribution

Your Account Isn't Verified!

In order to create a playlist on Sporcle, you need to verify the email address you used during registration. Go to your Sporcle Settings to finish the process.

Report this User

Report this user for behavior that violates our Community Guidelines.

Details: